00000000cas 2200000zi 4500
0019.948535
003CaOODSP
00520251211084130
006m     o  d f      
007cr cn ||||||||
008250228c20119999onctr p o    f0###a0eng|d
022 |a2819-1102
040 |aCaOODSP|beng|erda|cCaOODSP
043 |an-cn---
0861 |aH80-2E-PDF
1101 |aCanada. |bPatented Medicine Prices Review Board, |eauthor, |eissuing body.
222 0|aQuarterly financial report for the quarter ended ... |b(Canada. Patented Medicine Prices Review Board)
24510|aQuarterly financial report for the quarter ended ...
264 1|aOttawa, Canada : |bPatented Medicine Prices Review Board, |c[2011]-
310 |aThree times a year
336 |atext|btxt|2rdacontent
337 |acomputer|bc|2rdamedia
338 |aonline resource|bcr|2rdacarrier
3621 |aBegan with: June 2011.
500 |aIssued also in French under title: Rapport financier trimestriel pour le trimestre qui s'est terminé en ...
588 |aDescription based on: June 2011; title from HTML header.
588 |aLatest issue consulted: September 30, 2024.
61010|aCanada. |bPatented Medicine Prices Review Board |xAppropriations and expenditures |vPeriodicals.
650 0|aFinance, Public|zCanada|vPeriodicals.
655 7|aPeriodicals|2lcgft
77508|tRapport financier trimestriel pour le trimestre qui s'est terminé en ...|w(CaOODSP)9.948536